| 000 | 01146cam a22003255a 4500 | ||
|---|---|---|---|
| 001 | L159983 | ||
| 008 | 180413s2018 xxk f 000 0 eng d | ||
| 020 | _a9781847038555 | ||
| 035 | _a(Sirsi) u159983 | ||
| 041 | _aeng | ||
| 050 | _a630.026 | ||
| 245 | _aMuir Watt and Moss agricultural holdings. | ||
| 250 | _a15th ed. | ||
| 260 |
_aLondon _bSweet & Maxwell _c2018 |
||
| 300 | _axxiii,1107. ; 25cm. | ||
| 350 | _a165 | ||
| 520 | _aProvides commentary on agricultural tenancy law under Agricultural Tenancies Act 1995 and the Agricultural Holidngs Act 1986. Looks at serving of notices, legislation , forms and precedents and a list of prodedural tables dealing with notices to quit and succession situations. | ||
| 650 | _aAGRICULTURAL HOLDINGS ACT 1986 | ||
| 650 | _aAGRICULTURAL HOLDINGS | ||
| 650 | _aAGRICULTURAL TENANCIES ACT 1995 | ||
| 650 | _aSUCCESSION | ||
| 650 | 2 | 4 | _aNOTICES TO QUIT |
| 650 | _aMILK QUOTAS | ||
| 651 | 4 | _aENGLAND AND WALES | |
| 690 |
_aRural _96268 |
||
| 700 |
_aWatt, James Muir _xEditor |
||
| 700 |
_aMoss, Joanne R. _xEditor |
||
| 700 |
_aTaskis, Catherine L. _xEditor |
||
| 942 |
_n0 _2ddc |
||
| 999 |
_c116174 _d116174 |
||